indian prime ministers - Statistics

General Stats
  • This quiz has been taken 250 times
  • The average score is 7 of 13
Answer Stats
Hint Answer % Correct
indira gandhi
94%
jwaharlal nehru
93%
narendra modi
80%
manmohan singh
77%
rajiv gandhi
72%
atal bihari vajpayee
65%
lal bahdur shastri
64%
p.v.narsimha rao
40%
morarji desai
39%
v.p. singh
36%
charan singh
29%
chandra shekhar
24%
gulzarilal nanda
22%
No matching quizzes found
Score Distribution
Percent of People with Each Score
Percentile by Number Answered
Your Score History
You have not taken this quiz